000 01669cam a2200313 i 4500
001 15675
003 DO-SdUEMH
005 20260122135536.0
007 ta
008 211105s2010 dr a|||gr|||| 000 0 spa|d
020 _a9789945881202
040 _aDO-SdUEMH
_bspa
_erda
041 _aspa
082 1 4 _mRD
_aRD 324.297293
_bD536
084 _b11-00152
100 _aBenito Sánchez, Ana Belén
_eaut
110 _aAgencia de los Estados Unidos para el Desarrollo Internacional (USAID)
245 1 0 _aDiagnóstico sobre la situación del sistema de partido en la República Dominicana (2005-2010) /
_cAna Belén Benito Sánchez, Carmen Luisa Figueiras Prim, Wilfredo Lozano, Rotsay Rosales Valladares ; cuidado de la edición Manuel Ortega ; prologo: Roberto Cuéllar, José Thomson, Rafael Toribio
260 _c2010
264 0 1 _aSanto Domingo :
_bPrograma de Formación y Gerencia Política CEGES-INTEC,
_c2010
300 _a69 páginas ;
_bilustraciones
_c27 cm.
336 _2rdacontent
_atexto
_btxt
337 _2rdamedia
_asin mediación
_bn
338 _2rdacarrier
_avolumen
_bnc
504 _aBibliografías en paginas 66
505 2 _aEl diagnóstico: presentación y apuntes metodológicos -- El marco normativo -- Las reglas del juego interpartidario a nivel nacional -- Las reglas del juego intrapartidario -- La visión de los actores -- Valoración del proceso de institucionalización -- Valoración del proceso de democratización interna -- Valoración de la transparencia interna -- Principales cambios y continuidades en la estructura de la competencia del sistema de partidos dominicanos (1978-2010).
942 _2ddc
_cBK
_n0
999 _c15675
_d15675